00000000nam##2200000za#4500
0019.574087
003CaOODSP
00520210624184019
007cr |||||||||||
008150406|2005||||xxc|||||o    f|0| 0 eng|d
022 |a1488-5379
040 |aCaOODSP|beng
043 |an-cn---
0861 |aFs97-6/2504E-PDF
1101 |aCanada. |bDepartment of Fisheries and Oceans. |bPacific Region.
24510|aBathymetric relationships of principal groundfish shelf cohabitants off West Vancouver Island and in Queen Charlotte Sound, based on demersal-trawl landing records / |h[electronic resource]|cby S.J. Westrheim and J. Fargo.
260 |aNanaimo - British Columbia : |bFisheries and Oceans Canada. |cc2005.
300 |a155p.|bgraphs, maps, tables
4901 |aCanadian technical report of fisheries and aquatic sciences|x1488-5379|vNo. 2504
500 |aThe catalogue number (Fs97-6/2504E) and ISSN (0706-6457) for the print edition have been incorrectly copied in this electronic publication.
546 |a(Résumé en français)
590 |a12-23-Supp|b2012-05-28
7201 |aFargo, J.
7201 |aWestrheim, S. J.
7760#|tBathymetric relationships of principal groundfish shelf cohabitants off West Vancouver Island and in Queen Charlotte Sound, based on demersal-trawl landing records / |w(CaOODSP)9.617369
830#0|aCanadian technical report of fisheries and aquatic sciences,|x1488-5379|vNo. 2504|w(CaOODSP)9.504449
85640|ahttp://publications.gc.ca|qPDF|s9.93 MB|uhttps://publications.gc.ca/collections/collection_2012/mpo-dfo/Fs97-6-2504-eng.pdf|yNo. 2504